000 02322cam a22004694i 4500
003 PE-LiUPU
005 20250731173432.0
008 150706s2012 txua rb 000 0 spa d
020 _a9780311030668
035 _a(Sirsi) i9780311030668
040 _aPE-LiUPU
_bspa
_cPE-LiUPU
_erda
049 _aPRUA
082 0 4 _a230
_bS3
_221
245 0 0 _aSeminario portátil /
_cDavid Horton, editor.
264 1 _aEl Paso, Texas :
_bMundo Hispano,
_c2012.
300 _a686 páginas :
_bilustraciones ;
_c23 centímetros
336 _atext
_2rdacontent
337 _aunmediated
_2rdamedia
338 _avolume
_2rdacarrier
504 _aIncluye bibliografía.
505 0 _aDoctrina de las Escrituras -- Idiomas de la Biblia -- Interpretación de las Escrituras -- Doctrina de Dios el Padre -- Doctrina de Dios el Hijo -- Doctrina de Dios el Espíritu Santo -- Doctrinas de la humanidad y el pecado -- Doctrina de la salvación -- Doctrina de la iglesia -- Doctrina de las últimas cosas -- Trasfondo del Antiguo Testamento -- Panorama del Antiguo Testamento -- Entre los dos testamentos -- Trasfondo del Nuevo Testamento -- Panorama del Nuevo Testamento -- Apologética -- Religiones del mundo -- La iglesia cristiana: los primeros 500 años -- La iglesia en la Edad Media -- La reforma y el avivamiento -- El cristianismo como un fenómeno mundial -- La iglesia después de 1950 -- Introducción a la Misionología -- Liderazgo cristiano -- Ética cristiana -- Educación cristiana.
526 _aSEG42
526 _aSEG41
526 _aSEG40
526 _aSEG39
526 _aP94
526 _aP87
526 _aP86
526 _aP85
526 _aP77
526 _aP76
526 _aP35
541 _g001-0000632;
650 0 4 _aTeología pastoral.
_91381
700 1 _aHorton, David,
_eed.
910 _agl
_clch
_d20130812
942 _2ddc
_cBOOK
949 _a230 S3
_wDEWEY
_c1
_i67925
_lCCODEBUL1
_mBUL
_p46.00
_r0
_sY
_tBOOK
_u2015-7-6
_xTEOLOGIA
_PP35
_o.STAFF. Colección General
994 _aC0
_bPEPRU
596 _a1
999 _a230 S3
_wDEWEY
_c55436
_i67925
_d55436
_e2017-10-29
_f2021-11-9
_g5
_lCCODEBUL1
_mBUL
_n6
_p46.00
_r0
_sY
_tBOOK
_u2015-7-6
_xTEOLOGIA
_PP35
_0COMPRA
_o.STAFF. Colección Teología
980 _81
_gALBERTO SANCHEZ Responsable de Automatización